000
00474nam a2200181Ia 4500
008
090124s9999 xx 000 0 und d
082
_b
132194
100
_a
दिवाण वृंदा
245
_a
चढ - उतार
250
_a
1
260
_c
2004
300
_a
208
600
_a
दिवाण वृंदा
630
_a
चढ - उतार
700
_a
दिवाण वृंदा
730
_a
चढ - उतार
942
_c
BOOK
999
_c
178283
_d
178283